Statistiche per Top 10 Presenze Sassuolo All-Time

Clicka qui per fare il quiz!

Statistiche generali

  • Questo quiz è stato fatto 7 volte
  • Il punteggio medio è 5 su 10

Statistiche sulle risposte

PresenzeNazioneCalciatore% Corretto
366ItaliaAndrea Consigli
100%
370ItaliaDomenico Berardi
100%
510ItaliaFrancesco Magnanelli
86%
202ItaliaSimone Missiroli
86%
205FranciaGrégoire Defrel
71%
192ItaliaFederico Peluso
29%
203ItaliaAlberto Pomini
0%
242ItaliaGaetano Masucci
0%
232ItaliaMarco Piccion
0%
228ItaliaNicolò Consolini
0%

Distribuzione punteggi

Percentile per numero di risposta

Percentuale di utenti per punteggio

I tuoi punteggi nel tempo

Non hai fatto questo quiz